Statistiken für Alle SpongeBob-Episoden (Staffel 1+2)

Klicken Sie hier um das Quiz zu spielen!

Allgemein

  • Dieses Quiz wurde 191 mal gespielt
    (188 seit der letzten Aktualisierung)
  • Das Durchschnittsergebnis liegt bei 28 aus 80

Antwortstatistiken

HintAntwort% Korrekt
1Aushilfe gesucht
81%
Plankton!
67%
Experten
64%
Meeresbodenpflege
63%
Pizza-Heimservice
54%
F.U.N.
52%
Seifenblasen
52%
Der Riss in der Hose
49%
Heimat, süße Ananas
49%
Weihnachten unter Wasser
49%
Wurmi
49%
Superhelden im Ruhestand
48%
Dick, rosa und dumm
46%
Karatefieber
46%
Quallenfischer
46%
Sandys Rakete
46%
Texas
46%
Hör' mal, wer da spielt
43%
Bus verpasst
42%
Sandy, SpongeBob und der Wurm
42%
Der Fan
40%
Die Kuschel-Krabbe
40%
Gedächtnisverlust
40%
Aufgeblasen
39%
Das Tentakel-Paradies
39%
Prüfungsangst
39%
Die Zeitmaschine
37%
Disco-Quallen
37%
Energisch
37%
Nachtschicht
37%
Nur geträumt
37%
Die Aufsichtsperson
36%
Ein kleines Stück Papier
36%
Geisterfahrer
36%
Zur Schnecke gemacht
36%
Allein gelassen
34%
Das große Gruseln
34%
Der Blubber
34%
EIn göttlicher Burger
34%
Rückkehr der Superhelden
34%
Tanz' den Schwamm
34%
Thaddäus streikt
34%
Zurück zur Natur
34%
Am Haken
33%
Die Wachsfigur
33%
Eine gute Idee
33%
Der große Tag
31%
Die Schatzsuche
31%
Eichhörnchen-Witze
31%
Krosse Liebe
31%
Bernhard Blase
30%
Einer ist immer der Dumme
30%
Ein harter Winter
30%
Freunde und Nachbarn
30%
2Hey, dein Schuh ist offen
30%
Im Gegenteil
30%
Omas Liebling
30%
Rauchende Erdnüsse
30%
Der Stellvertreter
28%
Die Kuchen-Bombe
28%
Mundgeruch
28%
Unaussprechlich
28%
Das Meisterwerk
27%
Kulturschock
27%
Mitarbeiter des Monats
27%
Quietschende Schuhe
25%
Zu Wasser und zu Land
25%
Das Valentinsgeschenk
24%
Der Schrecken der Straße
24%
Die Geheimschachtel
24%
Ganoven
24%
Punkt, Punkt, Komma, Strich...
24%
Aprilscherze
21%
Heldenhafte Urlaubsvertreter
21%
Jäger und Gejagte
21%
Willkommen im Abfalleimer
19%
Der Doppelgänger
18%
Die Wanne ist voll
16%
Der Aufsatz
15%
Bis zur Erschöpfung
12%

Verteilung der Resultate

Perzentil nach korrekt beantworteten Fragen

Anzahl Personen mit jedem Resultat

Ihre Resultats-Entwicklung

Sie haben dieses Quiz seit der letzten Aktualisierung nicht gespielt